000 01357ngm a22003370a 4500
001 PT15554
003 AR-LpoUNG
005 20210202000200.0
007 vd cvaizq
008 191001s1960||||ag |||||||||||||||||spa d
040 _aAR-LpoUNG
_bspa
_cAR-LpoUNG
_eaacr
041 _aspa
044 _aag
082 0 _a945 824roc
100 1 _aVisconti, Luchino
_edir.
245 1 0 _aRocco y sus hermanos
260 _aBuenos Aires :
_bCultural Video,
_c1960.
300 _aVHS (170 min.) : son., col.
505 0 _aFotografía: Giuseppe Rottunno ; música: Nino Rota.
520 _aRocco y sus Hermanos es el resultado de un profundo análisis de la emigración de los campesinos del Sur, provocadas por la miseria y el abandono ancestral de ciertas regiones rurales italianas, muy pobres como las de Sicilia. Visconti nos ofrece en esta fílmica de gran aliento -casi tres horas de proyección- una novela cinematográfica donde resuenan preocupaciones sociales, individuales de toda índole, como en las novelas de Balzac y Dostoiewsky, en cuyas obras los guionistas se han inspirado.
650 4 _aCONDICIONES DE VIDA
650 4 _aFAMILIA
650 4 _aHISTORIA SOCIAL
650 4 _aITALIA
650 4 _aMEDIO FAMILIAR
650 4 _aSISTEMAS POLITICOS
650 4 _aSOCIEDAD
653 _aVIDEOS
905 _a15554
942 _cVIDEO
999 _c54281
_d54281